000 00395nam a2200145Ia 4500
008 230718s9999 xx 000 0 und d
041 _aEng.
082 _a252
_bآزا-س
100 _aآزاد ، مولانا ابوالکلا ابو الکلام
245 0 _aسودائے حق :
260 _aPakistan
_bاردو سائیں راہوا
_c1996
300 _a95
650 _aLaw
999 _c28860
_d28860